000 00242nam a22001097a 4500
082 _a799.213 SHO'C
100 _aCOLLIER
_975589
245 _aSHOTGUNS AND SHOTGUN SHOOTING
260 _aLONDON
_bCOLLIER
_c1950
300 _a126P
942 _cBK
999 _c584882
_d584882